Alle Länder Mittelamerikas - Statistiken

Allgemein
  • Dieses Quiz wurde 404 mal gespielt
  • Das Durchschnittsergebnis liegt bei 6 aus 8
Antwortstatistiken
Fläche Land % Korrekt
75.517km2 Panama
89%
51.100km2 Costa Rica
77%
112.090km2 Honduras
76%
21.041km2 El Salvador
74%
120.254km2 Nicaragua
74%
109.021km2 Guatemala
72%
1.972.550km2 Mexiko
72%
22.966km2 Belize
65%
Keine übereinstimmenden Quizze gefunden
Verteilung der Resultate
Anzahl Personen mit jedem Resultat
Perzentil nach korrekt beantworteten Fragen
Ihre Resultats-Entwicklung
Sie haben dieses Quiz noch nicht gespielt